000 00261nam a2200109Ia 4500
008 201231s9999 xx 000 0 und d
100 _aMalayala Manorama
245 0 _aManorama Yearbook 1998
260 _aKottyam
_bMalayala Manorama
300 _a800
942 _cBK
999 _c9893
_d9893